Sulla sponda del fiume Piedra mi sono seduta e ho pianto

Uloženo v:
Podrobná bibliografie
Hlavní autor: Coelho, Paulo
Médium: Kniha
Jazyk:angličtina
Vydáno: Milano Euroclub 1998
Vydání:9. rist
Tagy: Přidat tag
Žádné tagy, Buďte první, kdo vytvoří štítek k tomuto záznamu!

MARC

LEADER 00000nam a2200000 4500
001 CDOM0000005117
003 mi
005 20250801090815.0
008 250801b |||||||| |||| 00| 0 eng d
040 |c mi 
100 |a Coelho, Paulo 
245 1 |a Sulla sponda del fiume Piedra mi sono seduta e ho pianto  |c Paulo Coelho  |g traduzione di Rita Desti 
250 |a 9. rist 
260 |a Milano  |b Euroclub  |c 1998 
300 |a 205 p.  |c 23 cm. 
942 |2 ddc  |c BK 
952 |0 0  |1 0  |2 ddc  |4 0  |6 B_LNR02COEPASUL11  |7 0  |9 7652  |a MI  |b MI  |d 2012-02-15  |i 4464  |l 0  |o B-LNR02-COEPA-SUL11  |p CDOM4464  |r 2025-07-13 16:28:00  |w 2025-07-13  |x DONO  |y BK 
999 |c 6337  |d 6337